[Event "Ulm/Neu Ulm-ch"]
[Site "Ulm/Neu Ulm"]
[Date "2004.11.19"]
[Round "6"]
[White "Madeo, Giovanni"]
[Black "Krauss, Rainer"]
[Result "1-0"]
[WhiteElo "1877"]
[BlackElo "1780"]
[PlyCount "75"]
[EventDate "2004.09.17"]
[EventType "swiss"]
[EventRounds "7"]
[EventCountry "GER"]
[SourceTitle "EXT 2011"]
[Source "ChessBase"]
[SourceDate "2010.11.26"]
[SourceVersion "1"]
[SourceVersionDate "2010.11.26"]
[SourceQuality "1"]

1. d4 d5 2. c4 dxc4 3. e3 e6 4. Bxc4 Bb4+ 5. Nc3 Nf6 6. Nf3 0-0 7. 0-0 b6 8. Ne5 Bb7 9. Qb3 Bxc3 10. bxc3 Nc6 11. Nxc6 Bxc6 12. f3 h6 13. Bxe6 Bb7 14. Bc4 Qd7 15. Ba3 Rfe8 16. e4 Rad8 17. Rad1 c6 18. Rfe1 Qc7 19. Bf1 Qf4 20. Bc1 Qc7 21. Be3 Nd7 22. Bf2 c5 23. Bc4 Rf8 24. Bg3 Qc8 25. Bd6 Nf6 26. Bxf8 Rxf8 27. e5 Nh7 28. e6 Ng5 29. exf7+ Kh8 30. Bd5 Bxd5 31. Qxd5 cxd4 32. Rxd4 Nxf7 33. Rc4 Qb8 34. Re7 Ng5 35. Qe5 Qxe5 36. Rxe5 Kh7 37. Rc7 Rxf3 38. Rxg5 1-0